Normal view
MARC view
Entry Personal Name
001 - CONTROL NUMBER
- control field: 30272
003 - CONTROL NUMBER IDENTIFIER
- control field: dpl
005 - DATE AND TIME OF LATEST TRANSACTION
- control field: 20110728113249.0
008 - FIXED-LENGTH DATA ELEMENTS
- fixed length control field: 110728|||a|||||| | ||| d
040 ## - CATALOGING SOURCE
- Original cataloging agency: dpl
- Transcribing agency: dpl
100 ## - HEADING--PERSONAL NAME
- Personal name: गोस्वामी, अमर
670 ## - SOURCE DATA FOUND
- Source citation: Work cat.: (dpl): 25582 वाइल्ड, ऑस्कर, अपनी छाया /, 2010
670 ## - SOURCE DATA FOUND
- Source citation: Work cat.: (dpl): 25582 वाइल्ड, ऑस्कर, अपनी छाया /, 2010
